Statistics for Country stereotypes

Click here to take the quiz!

General Stats

  • This quiz has been taken 153 times
  • The average score is 9 of 16

Answer Stats

StereotypesAnswer% Correct
GunsUnited States of America
98%
LeprechaunsIreland
85%
Beer and
bratwurst
Germany
82%
Gengis KhanMongolia
81%
Interresting
gameshows
Japan
76%
Sorry, eh?Canada
75%
Long and narrowChile
71%
Socialists and
cigars
Cuba
71%
Liberty, equality,
arrogance
France
67%
The other ChinaTaiwan
63%
Ex-consAustralia
45%
Gross foodEngland
36%
Terrible armyItaly
33%
Cool stuffSouth Korea
29%
Penguin homelandMadagascar
19%
DRAGONS!!!!!Indonesia
12%

Score Distribution

Percentile by Number Answered

Percent of People with Each Score

Your Score History

You have not taken this quiz